Pamiatky a múzeá revue pre kultúrne dedičstvo

Enregistré dans:
Détails bibliographiques
Format: Publication en série
Langue:slovaque
Publié: Bratislava Slovenské národné múzeum 2023
Tags: Ajouter un tag
Pas de tags, Soyez le premier à ajouter un tag!

MARC

LEADER 00000nas2a2200000 4500
001 0302783
005 20240620114010.5
022 |a 1335-4353 
041 0 |a slo 
044 |a SK 
245 1 0 |a Pamiatky a múzeá  |b revue pre kultúrne dedičstvo  |c Pamiatkový úrad SR 
264 1 |a Bratislava  |b Slovenské národné múzeum  |c 2023 
773 0 |w eu_un_cat*0033772